Gaming Quiz

Random Gaming or Pokémon Quiz

Pokémon in Water 1 Egg Group Quiz Stats

 Plays Quiz not verified by Sporcle

Challenge
Share
Tweet
Embed
Score 0/87 Timer 09:00
0 Plays Today
Type Pokémon % Correct
WaterSquirtle
94.4%
WaterWartortle
94.4%
WaterBlastoise
94.4%
DragonDragonair
88.9%
Dragon/FlyingDragonite
88.9%
Water/FairyMarill
88.9%
Water/FairyAzumarill
88.9%
WaterMudkip
88.9%
Water/GroundMarshtomp
88.9%
Water/GroundSwampert
88.9%
WaterPsyduck
83.3%
WaterGolduck
83.3%
WaterPoliwag
83.3%
WaterPoliwhirl
83.3%
Water/FightingPoliwrath
83.3%
WaterSeel
83.3%
Water/IceDewgong
83.3%
Water/IceLapras
83.3%
DragonDratini
83.3%
WaterTotodile
83.3%
WaterCroconaw
83.3%
WaterFeraligatr
83.3%
WaterPolitoed
83.3%
Water/RockCorsola
83.3%
Water/GrassLudicolo
83.3%
Ice/WaterSpheal
83.3%
Ice/WaterSealeo
83.3%
Ice/WaterWalrein
83.3%
WaterPiplup
83.3%
Type Pokémon % Correct
WaterPrinplup
83.3%
Water/SteelEmpoleon
83.3%
Water/PsychicSlowpoke
77.8%
Water/PsychicSlowbro
77.8%
WaterHorsea
77.8%
WaterSeadra
77.8%
Rock/WaterOmanyte
77.8%
Rock/WaterOmastar
77.8%
Rock/WaterKabuto
77.8%
Rock/WaterKabutops
77.8%
Water/GroundWooper
77.8%
Water/GroundQuagsire
77.8%
Water/PsychicSlowking
77.8%
Water/DragonKingdra
77.8%
Water/GrassLotad
77.8%
Water/GrassLombre
77.8%
Water/FlyingWingull
77.8%
Water/FlyingPelipper
77.8%
Bug/WaterSurskit
77.8%
WaterFroakie
77.8%
WaterFrogadier
77.8%
Water/DarkGreninja
77.8%
Ice/FlyingDelibird
72.2%
Water/FlyingMantine
72.2%
Bug/FlyingMasquerain
72.2%
WaterFeebas
72.2%
WaterMilotic
72.2%
Water/RockRelicanth
72.2%
NormalBidoof
72.2%
Type Pokémon % Correct
Normal/WaterBibarel
72.2%
Water/RockTirtouga
72.2%
Water/RockCarracosta
72.2%
Poison/DragonDragalge
72.2%
Water/GroundGastrodon
66.7%
WaterTympole
66.7%
Water/GroundPalpitoad
66.7%
Water/GroundSeismitoad
66.7%
Ground/ElectricStunfisk
66.7%
Dark/PsychicInkay
66.7%
Dark/PsychicMalamar
66.7%
Poison/WaterSkrelp
66.7%
WaterBuizel
61.1%
WaterFloatzel
61.1%
WaterShellos
61.1%
WaterCorphish
55.6%
Water/DarkCrawdaunt
55.6%
WaterClamperl
55.6%
WaterHuntail
55.6%
WaterGorebyss
55.6%
Water/FlyingSwanna
55.6%
WaterRemoraid
50%
WaterOctillery
50%
WaterPhione
50%
WaterManaphy
50%
Water/FlyingDucklett
50%
WaterAlomomola
50%
WaterClauncher
50%
WaterClawitzer
50%

You're not logged in!

Compare scores with friends on all Sporcle quizzes.
Join for Free
OR
Log In

You Might Also Like...

Show Comments

Extras

Top Quizzes Today


Score Distribution

Your Account Isn't Verified!

In order to create a playlist on Sporcle, you need to verify the email address you used during registration. Go to your Sporcle Settings to finish the process.

Report this User

Report this user for behavior that violates our Community Guidelines.

Details: